00711nam a22001817a 4500003000900000008004100009040007100050082002200121100002600143245002100169260003100190300002800221505021400249650001600463650001800479650001600497650001600513AR-CdUCM190328b ||||| |||| 00| 0 spa d aMUNICIPALIDAD PROVINCIAL DEL CUSCOcBIBLIOTECA MUNICIPAL DEL CUSCO a170 /bF73 / 1912 aFola Igurbide, José aOrigen del mal / aBarcelona :bArtis,c1912. a201 páginas ;c18 cm. aContenido: Falta de un buen equilibrio entre la vida física, la vegetal -- Revelación del destino de los seres por sus funciones naturales -- Causa primordial de las enfermedades -- Las fuentes del mal ... aFilosofía aVida física aSolidaridad aBien social